| 000 | 00409nam a22001697a 4500 | ||
|---|---|---|---|
| 005 | 20230530091202.0 | ||
| 008 | 230524b |||||||| |||| 00| 0 eng d | ||
| 082 |
_a658.2 _bSHA-P |
||
| 100 | _aSharma.S.C | ||
| 245 | _aPlant Layout and Materials Handling | ||
| 250 | _a2nd ed. | ||
| 260 |
_aIndia _bKhana Publisher _c2007 |
||
| 300 | _a581 | ||
| 650 | _aEngineering | ||
| 700 | _aS.C. Sharma | ||
| 999 |
_c18506 _d18506 |
||